Southville International School and Colleges
Your cart is empty.
  • Cart
  • Lists
    Public lists Eva Luna New books Lux_list list_1
    Your lists Log in to create your own lists
  • Log in to your account
  • Your cookies
  • Search history
Southville International School and Colleges
  • Advanced search
  • Recent comments
  • Most popular
  • Libraries

Log in to your account

Log in with GOOGLE


If you do not have an external account, but do have a local account, you can still log in:

  1. Home
  2. MARC view: The jungle book /
Normal view MARC view ISBD view

The jungle book / (Record no. 110775)

[ view plain ]
MARC details
000 -LEADER
fixed length control field 00701nam a2200181 a 4500
001 - CONTROL NUMBER
control field 4082
005 - DATE AND TIME OF LATEST TRANSACTION
control field 20140414131903.0
008 - FIXED-LENGTH DATA ELEMENTS--GENERAL INFORMATION
fixed length control field 081222s19uu xx 00 eng d
020 ## - INTERNATIONAL STANDARD BOOK NUMBER
International Standard Book Number 0-439-57424-2
050 ## - LIBRARY OF CONGRESS CALL NUMBER
Classification number FIC
Item number K62 2003
100 ## - MAIN ENTRY--PERSONAL NAME
Personal name Kipling, Rudyard, 1865-1936.
245 ## - TITLE STATEMENT
Title The jungle book /
Statement of responsibility, etc by Rudyard Kipling.
260 ## - PUBLICATION, DISTRIBUTION, ETC. (IMPRINT)
Place of publication, distribution, etc New York :
Name of publisher, distributor, etc Scholastic,
Date of publication, distribution, etc 2003.
300 ## - PHYSICAL DESCRIPTION
Extent 124 p. ; cm.
520 ## - SUMMARY, ETC.
Summary, etc Presents the three adventures of Mowgli, a young boy raised by the animals in an Indian jungle, as well as other animal stories and songs. Includes illustrated notes throughout the text explaining the historical background of the story.
650 ## - SUBJECT ADDED ENTRY--TOPICAL TERM
Topical term or geographic name as entry element Jungles
General subdivision Fiction.
Holdings
Withdrawn status Lost status Damaged status Use restrictions Home library Current library Shelving location Date acquired Source of acquisition Cost, normal purchase price Total Checkouts Full call number Barcode Date last seen Price effective from Koha item type
        Munich Library Munich Library Fiction Section 12/22/2008   125.00   FIC K62 2003 M1259 04/14/2014 04/14/2014 Books

The jungle book /

APA

Kipling R. 1., . (2003). The jungle book. New York: Scholastic.

Chicago

Kipling Rudyard 1865-1936, . 2003. The jungle book. New York: Scholastic.

Harvard

Kipling R. 1., . (2003). The jungle book. New York: Scholastic.

MLA

Kipling Rudyard 1865-1936, . The jungle book. New York: Scholastic. 2003.

  • Place hold
  • Print
  • Cite
  • Add to your cart (remove)
  • Save record
    BIBTEX Dublin Core MARCXML MARC (non-Unicode/MARC-8) MARC (Unicode/UTF-8) MARC (Unicode/UTF-8, Standard) MODS (XML) RIS
  • More searches
    Search for this title in:
    Other Libraries (WorldCat) Other Databases (Google Scholar) Online Stores (Bookfinder.com) Open Library (openlibrary.org)

Exporting to Dublin Core...

SOUTHVILLE LIBRARY

Southville International School and Colleges Library

1281 Tropical Ave. Cor. Luxembourg St., BF Homes International, Las Pinas City

Tel. No. 8256374 / 252358 Loc. 117/146

Powered by Koha